[Event "ITA-chT"]
[Site "Palermo"]
[Date "2007.04.22"]
[Round "5"]
[White "Brunello, Sabino"]
[Black "Pozzi, Enrico"]
[Result "1-0"]
[WhiteElo "2454"]
[BlackElo "2211"]
[PlyCount "40"]
[EventDate "2007.04.20"]
[EventType "team"]
[EventRounds "5"]
[EventCountry "ITA"]
[SourceTitle "CBM 117 Extra"]
[Source "ChessBase"]
[SourceDate "2007.05.09"]
[SourceVersion "1"]
[SourceVersionDate "2007.05.09"]
[SourceQuality "1"]

1. e4 e5 2. Nf3 d6 3. d4 Nf6 4. Nc3 Nbd7 5. Bc4 Be7 6. 0-0 0-0 7. Re1 c6 8. a4 a5 9. h3 Qc7 10. b3 Nb6 11. Bd3 Re8 12. Bb2 Be6 13. Qd2 Rad8 14. Rad1 Bf8 15. Ne2 Nbd7 16. Ng3 h6 17. Qc1 exd4 18. Nxd4 Ne5 19. Bf1 Bc8 20. Ndf5 Bxf5 1-0

[Event "Cesenatico op 8th"]
[Site "Cesenatico"]
[Date "2003.??.??"]
[Round "5"]
[White "Pozzi, Enrico"]
[Black "Muller, Michael"]
[Result "1-0"]
[WhiteElo "2205"]
[BlackElo "2070"]
[PlyCount "59"]
[EventDate "2003.09.??"]
[EventType "swiss"]
[EventRounds "9"]
[EventCountry "ITA"]
[SourceTitle "EXT 2007"]
[Source "ChessBase"]
[SourceDate "2006.11.23"]
[SourceVersion "1"]
[SourceVersionDate "2006.11.23"]
[SourceQuality "1"]

1. e4 d6 2. d4 Nf6 3. Nc3 g6 4. Bg5 Bg7 5. Qd2 h6 6. Bh4 g5 7. Bg3 Nh5 8. Nf3 Nc6 9. Bb5 Bd7 10. 0-0-0 Na5 11. Rhe1 Nxg3 12. hxg3 Bxb5 13. Nxb5 c6 14. Na3 b5 15. Qd3 0-0 16. e5 d5 17. Nh2 e6 18. Ng4 Nc4 19. Rh1 f5 20. Nxh6+ Bxh6 21. Rxh6 Kf7 22. Rdh1 Rb8 23. Nxc4 bxc4 24. Qa3 Qb6 25. Rh7+ Kg8 26. Rh8+ Kf7 27. R1h7+ Kg6 28. Rh6+ Kf7 29. Rf6+ Kg7 30. Qe7+ 1-0

[Event "Cesenatico op 7th"]
[Site "Cesenatico"]
[Date "2002.09.02"]
[Round "1"]
[White "Pozzi, Enrico"]
[Black "Holder, Hovard"]
[Result "0-1"]
[WhiteElo "2232"]
[BlackElo "2018"]
[PlyCount "72"]
[EventDate "2002.09.02"]
[EventType "swiss"]
[EventRounds "9"]
[EventCountry "ITA"]
[SourceTitle "CBM 090 Extra"]
[Source "ChessBase"]
[SourceDate "2002.11.07"]
[SourceVersion "1"]
[SourceVersionDate "2002.11.07"]
[SourceQuality "1"]

1. e4 c5 2. Nf3 d6 3. Bb5+ Nd7 4. 0-0 Ngf6 5. Re1 g6 6. d4 cxd4 7. Qxd4 Bg7 8. Nc3 0-0 9. a4 Ng4 10. Qd2 Nde5 11. Nxe5 Nxe5 12. Nd5 Be6 13. a5 Rc8 14. f4 Nc6 15. Kh1 Nd4 16. Bd3 Rc5 17. Ne3 Qd7 18. Qb4 Nc6 19. Qd2 Qc7 20. f5 gxf5 21. exf5 Bd7 22. f6 Bxf6 23. Nd5 Rxd5 24. Bxh7+ Kxh7 25. Qxd5 Ne5 26. Qe4+ Ng6 27. Ra3 Kg7 28. Bd2 Rh8 29. h3 Bxb2 30. Rg3 Bc6 31. Qe3 Be5 32. Qxa7 Qd7 33. Qe3 Qf5 34. Kg1 Rh4 35. Rf1 Qe6 36. Be1 Bd4 0-1

[Event "Cesenatico op 3rd"]
[Site "Cesenatico"]
[Date "1998.??.??"]
[Round "9"]
[White "Pozzi, Enrico"]
[Black "Drazic, Sinisa"]
[Result "0-1"]
[WhiteElo "2245"]
[BlackElo "2515"]
[PlyCount "24"]
[EventDate "1998.??.??"]
[EventType "swiss"]
[EventRounds "9"]
[EventCountry "ITA"]
[SourceTitle "EXT 2000"]
[Source "ChessBase"]
[SourceDate "1999.11.16"]
[SourceVersion "1"]
[SourceVersionDate "1999.11.16"]
[SourceQuality "1"]

1. e4 Nf6 2. e5 Nd5 3. c4 Nb6 4. d4 d6 5. Nf3 c6 6. exd6 exd6 7. Bd3 Bg4 8. h3 Bh5 9. 0-0 Be7 10. Be3 N8d7 11. Nbd2 Bg6 12. Qc2 0-0 0-1

[Event "Milan"]
[Site "Milan"]
[Date "1996.??.??"]
[Round "6"]
[White "Vujovic, Milivoje"]
[Black "Pozzi, Enrico"]
[Result "1-0"]
[WhiteElo "2345"]
[BlackElo "2240"]
[PlyCount "55"]
[EventDate "1996.??.??"]
[EventType "tourn"]
[EventRounds "9"]
[EventCountry "ITA"]
[EventCategory "3"]
[SourceTitle "EXT 1998"]
[Source "ChessBase"]
[SourceDate "1997.11.17"]
[SourceVersion "1"]
[SourceVersionDate "1997.11.17"]
[SourceQuality "1"]

1. c4 e5 2. Nc3 Nf6 3. Nf3 Nc6 4. d4 exd4 5. Nxd4 d5 6. cxd5 Nxd5 7. Nxc6 bxc6 8. Bd2 Bc5 9. Qa4 Bd7 10. Qc4 Qe7 11. Nxd5 cxd5 12. Qxd5 0-0 13. a3 Be6 14. Qe5 Rad8 15. Bc3 f6 16. Qf4 Rd5 17. e3 g5 18. Qa4 Bd7 19. Qb3 Be6 20. Bc4 Rd6 21. 0-0 Kg7 22. Bxe6 Rxe6 23. Qd5 h6 24. Rac1 Bb6 25. Bb4 Rd8 26. Qf5 c5 27. Bc3 Re4 28. Bxf6+ 1-0

[Event "ITA-chT"]
[Site "Italy"]
[Date "1993.??.??"]
[Round "2"]
[White "Cividali, Emilio"]
[Black "Pozzi, Enrico"]
[Result "0-1"]
[WhiteElo "1926"]
[BlackElo "2225"]
[PlyCount "67"]
[EventDate "1993.??.??"]
[EventType "team"]
[EventRounds "9"]
[EventCountry "ITA"]
[SourceTitle "EXT 2024"]
[Source "ChessBase"]
[SourceDate "2023.10.10"]
[SourceVersion "1"]
[SourceVersionDate "2023.10.10"]
[SourceQuality "1"]

1. d4 d6 2. c4 Nf6 3. Nc3 c6 4. g3 g6 5. Bg2 Bg7 6. Nf3 0-0 7. 0-0 Nbd7 8. e4 Qc7 9. h3 e5 10. Re1 Re8 11. Rb1 exd4 12. Nxd4 Nb6 13. b3 a6 14. Bf4 Nh5 15. Be3 Be6 16. Qd2 Rad8 17. Rbc1 Nc8 18. g4 Nf6 19. f4 Bd7 20. f5 gxf5 21. exf5 d5 22. g5 Ne4 23. Nxe4 dxe4 24. f6 Bf8 25. Qf2 c5 26. Nf5 Bxf5 27. Qxf5 Re5 28. Qg4 Qc6 29. Rcd1 Rde8 30. Bf4 R5e6 31. Rd5 b5 32. Red1 bxc4 33. bxc4 Nb6 34. Qe2 0-1

[Event "ITA-chT"]
[Site "Italy"]
[Date "1993.??.??"]
[Round "4"]
[White "Pozzi, Enrico"]
[Black "Milocco, Franco"]
[Result "0-1"]
[WhiteElo "2225"]
[BlackElo "2365"]
[PlyCount "70"]
[EventDate "1993.??.??"]
[EventType "team"]
[EventRounds "9"]
[EventCountry "ITA"]
[SourceTitle "EXT 1999"]
[Source "ChessBase"]
[SourceDate "1998.11.16"]
[SourceVersion "1"]
[SourceVersionDate "1998.11.16"]
[SourceQuality "1"]

1. e4 c5 2. Nf3 d6 3. Bb5+ Bd7 4. Bxd7+ Qxd7 5. 0-0 Nc6 6. c3 Nf6 7. Qe2 e6 8. Rd1 Be7 9. d4 cxd4 10. cxd4 d5 11. e5 Ne4 12. Nc3 Nxc3 13. bxc3 0-0 14. Ng5 h6 15. Nh3 Rfc8 16. Rd3 Bf8 17. Qg4 Kh8 18. Rg3 Ne7 19. Nf4 Rc7 20. Nh5 Nf5 21. Rh3 Rac8 22. Bd2 Qa4 23. Qe2 Qc2 24. g4 Ne7 25. Rc1 Qxa2 26. Qd3 b5 27. Rb1 a6 28. Rd1 a5 29. Qf3 Qc2 30. g5 Nf5 31. g6 b4 32. gxf7 bxc3 33. Be3 Rxf7 34. Nf4 Qe4 35. Qxe4 dxe4 0-1

[Event "Lombardia op"]
[Site "Lombardia"]
[Date "1991.??.??"]
[Round "?"]
[White "Pozzi, Enrico"]
[Black "Contin, Daniel"]
[Result "0-1"]
[WhiteElo "2245"]
[BlackElo "2340"]
[PlyCount "74"]
[EventDate "1991.??.??"]
[EventType "swiss"]
[EventRounds "11"]
[EventCountry "ITA"]
[SourceTitle "EXT 1997"]
[Source "ChessBase"]
[SourceDate "1996.11.15"]
[SourceVersion "1"]
[SourceVersionDate "1996.11.15"]
[SourceQuality "1"]

1. e4 e6 2. d4 d5 3. exd5 exd5 4. c4 Bb4+ 5. Nc3 Qe7+ 6. Qe2 dxc4 7. Qxe7+ Nxe7 8. Bxc4 Nbc6 9. Nge2 Be6 10. Bxe6 fxe6 11. a3 Ba5 12. 0-0 Bb6 13. Bg5 Nxd4 14. Nxd4 Bxd4 15. Rae1 Kf7 16. Re4 Bxc3 17. bxc3 Nd5 18. c4 Nf6 19. Re2 Rad8 20. f3 Rd6 21. Rb1 b6 22. Be3 Rhd8 23. Kf2 Rd3 24. Bf4 R8d4 25. Bxc7 Rxc4 26. Bxb6 axb6 27. Rxb6 Rxa3 28. Rbxe6 g5 29. Rd6 Rf4 30. h3 h5 31. Rdd2 Rf5 32. Rb2 h4 33. Rb7+ Kg6 34. Ree7 Ra2+ 35. Kg1 Rc5 36. Re6 Rc1+ 37. Kh2 Raa1 0-1

[Event "Imperia op 31st"]
[Site "Imperia"]
[Date "1989.09.07"]
[Round "6.15"]
[White "Leoncini, Mario"]
[Black "Pozzi, Enrico"]
[Result "1/2-1/2"]
[WhiteElo "2070"]
[BlackElo "2295"]
[PlyCount "31"]
[EventDate "1989.09.02"]
[EventType "swiss"]
[EventRounds "9"]
[EventCountry "ITA"]
[SourceTitle "EXT 2024"]
[Source "ChessBase"]
[SourceDate "2023.10.10"]
[SourceVersion "1"]
[SourceVersionDate "2023.10.10"]
[SourceQuality "1"]

1. e4 b6 2. d4 Bb7 3. Bd3 e6 4. Ne2 c5 5. c3 Nf6 6. Nd2 Nc6 7. a3 d6 8. 0-0 g6 9. f4 Bg7 10. e5 dxe5 11. fxe5 Ng4 12. Ne4 0-0 13. h3 Nh6 14. Bg5 Qc7 15. Nf6+ Kh8 16. Ng3 1/2-1/2

[Event "Mendrisio op"]
[Site "Mendrisio"]
[Date "1989.??.??"]
[Round "6"]
[White "Marangunic, Srdjan"]
[Black "Pozzi, Enrico"]
[Result "1-0"]
[WhiteElo "2455"]
[BlackElo "2295"]
[PlyCount "67"]
[EventDate "1989.??.??"]
[EventType "swiss"]
[EventRounds "9"]
[EventCountry "SUI"]
[SourceTitle "EXT 1997"]
[Source "ChessBase"]
[SourceDate "1996.11.15"]
[SourceVersion "1"]
[SourceVersionDate "1996.11.15"]
[SourceQuality "1"]

1. g3 Nf6 2. Bg2 g6 3. d4 d5 4. Nf3 Bg7 5. 0-0 0-0 6. Nbd2 Nbd7 7. c4 c6 8. Qc2 Nb6 9. c5 Nbd7 10. e4 Nxe4 11. Nxe4 dxe4 12. Qxe4 Nf6 13. Qe2 Be6 14. Bf4 Bd5 15. Be5 Re8 16. Rfe1 Nd7 17. Bxg7 Kxg7 18. b4 Nf6 19. Rad1 Qc7 20. Rd2 Rad8 21. b5 Ne4 22. Rc2 e6 23. bxc6 bxc6 24. Ne5 Nf6 25. Qa6 Rb8 26. Nxc6 Rbc8 27. Ne5 Bxg2 28. Kxg2 Red8 29. Rc4 Nd7 30. Nxd7 Qxd7 31. Kg1 Rc6 32. Qa3 Qd5 33. Rb4 Rd7 34. Re5 1-0

[Event "Mendrisio op"]
[Site "Mendrisio"]
[Date "1989.??.??"]
[Round "9"]
[White "Pozzi, Enrico"]
[Black "Kaenel, Hansjuerg"]
[Result "1-0"]
[WhiteElo "2295"]
[BlackElo "2365"]
[PlyCount "83"]
[EventDate "1989.??.??"]
[EventType "swiss"]
[EventRounds "9"]
[EventCountry "SUI"]
[SourceTitle "EXT 1997"]
[Source "ChessBase"]
[SourceDate "1996.11.15"]
[SourceVersion "1"]
[SourceVersionDate "1996.11.15"]
[SourceQuality "1"]

1. e4 c5 2. Nf3 e6 3. d4 cxd4 4. Nxd4 Nc6 5. Nxc6 bxc6 6. Bd3 Nf6 7. 0-0 d5 8. Nd2 Be7 9. exd5 cxd5 10. c4 0-0 11. b3 Bb7 12. Qe2 dxc4 13. Nxc4 Nd5 14. Bd2 Bf6 15. Rac1 Rc8 16. Rfd1 Qe7 17. Be4 Rfd8 18. g3 g6 19. h4 Rd7 20. Na5 Rxc1 21. Rxc1 Ba8 22. b4 Rc7 23. Rxc7 Qxc7 24. Qf3 Bd4 25. Nb3 Be5 26. Qd3 Qb6 27. b5 Qd6 28. Bh6 Qa3 29. Qc2 Bb7 30. Bc1 Qe7 31. Bg5 f6 32. Bd2 Kf7 33. Nc5 Qc7 34. Nxb7 Qxb7 35. a4 f5 36. Bg2 Bd4 37. Qc4 Qb6 38. Bxd5 Bxf2+ 39. Kg2 exd5 40. Qxd5+ Kg7 41. Qd7+ Kg8 42. Bh6 1-0